Prečo podnikať v daňovom raji?

Podnikanie v off-shore krajinách - Cyprus. Podmienky cyperskej legislatívy pri podnikaní.

Na minha lista:
Detalhes bibliográficos
Autor principal: Bačišin, Vladimír
Formato: Capítulo de Livro
Idioma:eslovaco
Assuntos:
Tags: Adicionar Tag
Sem tags, seja o primeiro a adicionar uma tag!

MARC

LEADER 00000naa a2200000 4500
001 r020339
005 20251104124058.1
041 0 |a slo 
044 |a SK 
245 1 0 |a Prečo podnikať v daňovom raji?  |c V. Bačišin 
520 |a Podnikanie v off-shore krajinách - Cyprus. Podmienky cyperskej legislatívy pri podnikaní. 
610 2 0 |a oslobodenie od daní 
610 2 0 |a podnikanie 
610 2 0 |a Cyprus 
610 2 0 |a offshore 
610 2 0 |a zvýhodnenie daňové 
100 1 |a Bačišin, Vladimír